000 00852nam a2200241 a 4500
005 20251204064010.0
008 180418s2013 es r 000 0 spa d
020 _a9788499214177
035 _aUPN01000224164
049 _aI
050 4 _aLB1575.8
_bL9.2
100 1 _aLy, Anna
_941807
245 1 0 _aDesenrrollando la lengua :
_buna niña brasileña en España /
_cAnna Ly ; il. Diogo Droschi.
260 _aBarcelona, Esp. :
_bOctaedro,
_c2013.
300 _a40 p.
_bil. col. +
_e1 CD-ROM ; 4 3/4 plgs.
500 _aEl CD-ROM solicítalo en el Mostrador de Préstamo
650 4 _aLenguaje y lenguas
_xEstudio y enseñanza (Elemental)
_97681
651 4 _aBRASIL -
_xVIDA SOCIAL Y COSTUMBRES
_99394
650 4 _aCanciones infantiles brasileñas
_95684
650 4 _aLibros y lectura para niños
_92290
905 _aInfantil
999 _c196261
_d196261